Quizzes
Events
Quiz Creation
Community
Videos
Private Events
Remove Ads
Sign In
Join for FREE
Feedback
Dark Mode
Quiz Categories
Sports
Geography
Music
Movies
Television
Just For Fun
Miscellaneous
History
Literature
Language
Science
Gaming
Entertainment
Religion
Holiday
For Kids
Quiz Lab
Recent
Popular Today
Quiz Kudos Today
Editor Picks
Curator Picks
Quizzes by...
Day
Popularity
Type
Ratings
Length
Year
Community
Subscriptions
Recent Discussions
Orange Saloon
Badges
Playlists
Quests
Create
Leaderboards
Showdown
Live 5
Trivia Bingo
Activity
Puzzle Library
Sporcle Events
Private Events
Virtual Trivia
Globe League
Become a Host
Pub Owners
SporcleCon
Opinionation
Our Games
Videos
Blog
Mobile Apps
Partnerships
Remove Ads and Go Orange
Feedback
Science
Computer
Plants
Astronomy
Chemistry
Elements
Math
Animal
Physics
Anatomy
Biology
Geology
General Science
Science
Computer
Plants
Astronomy
Chemistry
Elements
Math
Animal
Physics
Anatomy
Biology
Geology
General Science
Random Quiz
Search Sporcle
×
Quiz Lab
Quiz Lab
Science
Definition
Type in answers that appear in a list
Type in answers that appear in a list
Classic
Best Score? Go Orange.
The Reactions of Photosynthesis Stats
Can you name the The Reactions of Photosynthesis?
By
qmh917
10m
13 Questions
18 Plays
18 Plays
18 Plays
Comments
Comments
Give Quiz Kudos
Give Quiz Kudos
-
- Ratings
hide this ad
Forced Order
Answers have to be entered in order
Answers have to be entered in order
Random Order
Randomize order of answers
Randomize order of answers
Replay
Link that replays current quiz
Next Quiz
Link to next quiz in quiz playlist
You Got
0%
They Got
Avg Score
21%
Avg Friend Score
Upgrade to see
Score Distribution
Jump to the score distribution portion of the page
Score
0/13
Timer
10:00
0
Plays Today
Clue
Term or Definition
% Correct
Occurs in the thylakoid membrane of the chloroplast. Uses water, and produces O2, ATP, and NADPH.
Light Dependent Reaction
100%
Chlorophyll absorbs light .
Photosystem 1: Step Six
22.2%
Chlorophyll absorbs light.
Photosystem 2: Step One
16.7%
Electrons passed to Photosystem 1.
Photosystem 2: Step Five
16.7%
Electron transport chain uses energy to make ATP through CHEMIOSMOSIS.
Photosystem 2: Step Four
16.7%
Electrons and H+ combine with NAPD+ forming NADPH.
Photosystem 1: Step Seven
16.7%
ATP and NADPH are used to convert the PGA into 12 molecules of PGAL.
Step TWO of Light Independent Reaction (Calvin Cycle)
16.7%
10 molecules of PGAL react with ATP forming 6 molecules of RUBP. This allows the cycle to continue.
Step THREE of Light Independent Reaction (Calvin Cycle)
16.7%
Light energy splits water into hydrogen ions and oxygen ions while photosystem 2 loses electrons .
Photosystem 2: Step Two
11.1%
Electrons are passed to an electron transport chain.
Photosystem 2: Step Three
11.1%
Six molecules of CO2 combine with six molecules of RuBP forming 12 molecules of PGA.
Step ONE of Light Independent Reaction (Calvin Cycle)
11.1%
Occurs in the stroma of the chloroplast. Uses CO2 from atmosphere, and ATP, and NADPH from the light dependent reaction. (photosystem one) This also produces Glucose.
Light Independent Reaction (Calvin Cycle)
11.1%
2 PGAL molecules react to form glucose.
Step FOUR of Light Independent Reaction (Calvin Cycle)
11.1%
Quiz Playlist
Details
Report
Send in Message
Add To Playlist
Classic:
Type in answers that appear in a list
Forced Order:
Answers have to be entered in order
Random Order:
Randomize order of answers
Last Updated: Feb 16, 2017
Quiz Scoreboard
CHALLENGE
Sign Up to Join the Scoreboard
Show All
Scores
Hide
Comments
May contain spoilers
Recently Published
Pick 6: Fruits
by JohnFran
Miscellaneous
15s
Click the 1999 NBA Draft
by nibperrychub
Sports
2m
Alphabetical 'K' Countries by Flag Minefield
by ylime102
Geography
3m
More to Explore
Quiz From the Vault
Featured Blog Post
15 Basketball Trivia Facts You Can Be March Mad About
hide this ad
You Might Also Like...
Tags
Definition Quiz
Extension
Photosynthesis
reaction
Term
Today's Top Quizzes in Science
Browse Science
hide this ad
Today's Top Quizzes in Definition
Browse Definition
Top Contributed Quizzes in Science
1
Pick 6: Animals
2
Group Clicking: Animals II
3
Square Numbers Scrambled (1-50)
4
Flowers by Accent Chairs
5
The First 100 Digits of Pi
6
Find the Spring Animals
7
Why is the sky blue? And other physics questions.
8
Trigonometric Exact Values
9
Needlepoint Flowers
10
Word Ladder: A Quick One (7)
Explore More
Trending Topics
Kpop
Marvel
Disney
NBA
Anime
Crossword
Harry Potter
The Office
NFL
Puzzle
WWE
Pokémon
Soccer
Song
Country
hide this ad
More By:
qmh917
Quiz
Plays
Rating
Category
Featured
Created
The Reactions of Photosynthesis
18
Science
Jul 10, 2011
Go to Creator's Profile
Score Distribution
Quiz Creator Spotlight
qmh917
Follow
Send a Message
Quizzes Created
-
Created Quiz Play Count
-
More By This Creator
Popular Quizzes Today
1
Countries of Asia Without Outlines Minefield
2
Find the US States - No Outlines Minefield
3
Pick 6: Fruits
4
Alphabetical 'K' Countries by Flag Minefield
5
The Countries of the World
6
Find the US States
7
US States
8
Match the Book to the Film X
More Science Quizzes
Look-and-Say Sequence
Published
Trending Quizzes
Pick 6: Mountains
Pick 6: Harry Potter
Pick 6: NFL Teams
Pick 6: Movie Franchises
Pick 6: Flags
Recently Updated
NWSL Teams
pecheneg
Women's Final Four Teams by Year
bhenderson79
Presidents Quartet II
eogle
Anything But Clue(do)
eogle
Anything But Oceanian Capitals
eogle
Anything But 7
eogle
Anything But Thing
eogle
Word Ladder: February 29
pecheneg
Song Title Questions
pecheneg
Women's NCAA Tournament #1 Seeds
pecheneg
Trending Topics
NBA
Crossword
Anime
Harry Potter
Kpop
Disney
Marvel
The Office
WWE
Country
Soccer
Pokémon
Song
Puzzle
NFL
Your Account Isn't Verified!
In order to create a playlist on Sporcle, you need to verify the email address you used during registration. Go to your
Sporcle Settings
to finish the process.
Report this User
Report this user for behavior that violates our
Community Guidelines
.
Details:
Send Report
Go to the Sporcle.com Mobile Site →
Comments